000 00414nam a2200145Ia 4500
005 20260328104325.0
008 260328s9999||||xx |||||||||||||| ||und||
100 _aBerriós, Cristian
245 0 _aElaboración de un Espacio Urbano. Ciudad Universitaria de Concepción /
_cCristian Berriós
250 _a1a ed.
260 _bUniversidad del Bío-Bío
300 _a355 p.
650 _aURBANISMO
942 _cBK
999 _c11481
_d11481